[Event "Madrid ch 2021-2022 - Previa A"]
[Site "Madrid ESP"]
[Date "2022.03.21"]
[Round "7.8"]
[White "Guardiola Sevilla, Antonio"]
[Black "De Fuenmayor Fernandez de la , Carlos Pablo"]
[Result "1/2-1/2"]
[WhiteElo "1733"]
[BlackElo "1432"]
[PlyCount "120"]
[EventDate "2022.03.07"]
[EventType "swiss"]
[EventRounds "9"]
[EventCountry "ESP"]
[SourceTitle "Ajedrez en Madrid"]
[Source "lmi"]
[SourceDate "2022.03.07"]
[SourceVersion "1"]
[SourceVersionDate "2022.04.04"]
[SourceQuality "1"]

1. e4 e5 2. Nf3 Nc6 3. Bb5 Nf6 4. d3 Bc5 5. O-O d6 6. h3 h6 7. c3 O-O 8. Re1
Ne7 9. d4 exd4 10. cxd4 Bb6 11. Nc3 c6 12. Bd3 Ng6 13. Qc2 Nh5 14. e5 Nhf4 15.
Bxf4 Nxf4 16. Bf5 dxe5 17. Bxc8 Rxc8 18. dxe5 Qd3 19. Qxd3 Nxd3 20. Re2 Rfe8
21. Rd1 Rcd8 22. Kf1 Rd7 23. Red2 Red8 24. Ke2 Nf4+ 25. Kf1 Rxd2 26. Rxd2 Rxd2
27. Nxd2 Nd3 28. Nc4 Bd4 29. Ke2 Nxe5 30. Nd6 b5 31. Nc8 a5 32. f4 Nc4 33. Ne7+
Kf8 34. Nxc6 Bxc3 35. bxc3 Ke8 36. Nd4 Nd6 37. Kd3 Kd7 38. g3 g6 39. g4 Kc7 40.
Nb3 Kb6 41. Kd4 a4 42. Nc5 h5 43. Nd7+ Kc7 44. Ne5 hxg4 45. hxg4 Kd8 46. Kd5
Ke7 47. Nc6+ Kd7 48. Nd4 Nc4 49. Nxb5 Ne3+ 50. Ke4 Nxg4 51. c4 f5+ 52. Kd4 Nf6
53. Nc3 a3 54. Nb5 Nh5 55. Ke5 Kc6 56. Nxa3 Kc5 57. Nc2 Kxc4 58. a3 Kb3 59. Ne3
Kxa3 60. Nxf5 Nxf4 1/2-1/2

[Event "Madrid ch 2021-2022 - Previa A"]
[Site "Madrid ESP"]
[Date "2022.03.21"]
[Round "7.9"]
[White "Fernandez Rios, Jose Francisco"]
[Black "Esteban Amo, Jose M."]
[Result "0-1"]
[WhiteElo "1753"]
[BlackElo "1874"]
[PlyCount "52"]
[EventDate "2022.03.07"]
[EventType "swiss"]
[EventRounds "9"]
[EventCountry "ESP"]
[SourceTitle "Ajedrez en Madrid"]
[Source "lmi"]
[SourceDate "2022.03.07"]
[SourceVersion "1"]
[SourceVersionDate "2022.04.04"]
[SourceQuality "1"]

1. d4 f5 2. Nc3 Nf6 3. Bg5 d5 4. Bxf6 exf6 5. e3 Be6 6. Qf3 g6 7. a3 Nc6 8. Bb5
Qd6 9. Nge2 O-O-O 10. h3 h5 11. Nf4 Bf7 12. O-O-O Kb8 13. Bd3 Bh6 14. Nce2 Ne7
15. g4 fxg4 16. hxg4 h4 17. Rdg1 g5 18. Ng2 Be6 19. Ne1 Rhe8 20. Ng3 Qd7 21.
Nf5 Nxf5 22. Bxf5 Bxf5 23. gxf5 Rh8 24. Nd3 b6 25. Kb1 Bf8 26. Qe2 Qxf5 0-1

[Event "Madrid ch 2021-2022 - Previa A"]
[Site "Madrid ESP"]
[Date "2022.03.21"]
[Round "7.10"]
[White "Balsera Gomez, Antonio"]
[Black "Fernandez Garcia, Ignacio"]
[Result "1-0"]
[WhiteElo "1415"]
[BlackElo "1844"]
[PlyCount "57"]
[EventDate "2022.03.07"]
[EventType "swiss"]
[EventRounds "9"]
[EventCountry "ESP"]
[SourceTitle "Ajedrez en Madrid"]
[Source "lmi"]
[SourceDate "2022.03.07"]
[SourceVersion "1"]
[SourceVersionDate "2022.04.04"]
[SourceQuality "1"]

1. e4 b6 2. d4 Bb7 3. Nc3 Nf6 4. Bd3 g6 5. Be3 Bg7 6. Qd2 Nc6 7. f3 d6 8. Nge2
a6 9. a3 e5 10. Bc4 exd4 11. Nxd4 Ne5 12. Ba2 O-O 13. Bh6 Nxe4 14. Nxe4 Qh4+
15. Ng3 Bxh6 16. Qf2 Rae8 17. Ne4 Qe7 18. O-O Bxe4 19. fxe4 Ng4 20. Qf3 Be3+
21. Kh1 Bxd4 22. Qxg4 Bxb2 23. Rae1 Bxa3 24. h4 h5 25. Qxg6+ Kh8 26. Qh6+ Kg8
27. Rf6 Qxf6 28. Qxf6 Re5 29. Re3 1-0

[Event "Madrid ch 2021-2022 - Previa A"]
[Site "Madrid ESP"]
[Date "2022.03.21"]
[Round "7.11"]
[White "Camarero Izquierdo, Juan Carlos"]
[Black "Sanchez Arriola, Ignacio"]
[Result "1-0"]
[WhiteElo "1861"]
[BlackElo "1596"]
[PlyCount "72"]
[EventDate "2022.03.07"]
[EventType "swiss"]
[EventRounds "9"]
[EventCountry "ESP"]
[SourceTitle "Ajedrez en Madrid"]
[Source "lmi"]
[SourceDate "2022.03.07"]
[SourceVersion "1"]
[SourceVersionDate "2022.04.04"]
[SourceQuality "1"]

1. d4 Nf6 2. Nc3 d5 3. Bg5 Nbd7 4. f3 c6 5. Qd3 h6 6. Bh4 e6 7. e4 dxe4 8. fxe4
Be7 9. Bxf6 Nxf6 10. O-O-O Qa5 11. Kb1 b5 12. e5 Nd7 13. Qg3 O-O 14. Nh3 f5 15.
Nf4 Nb6 16. Qg6 Nc4 17. Nxe6 Rf7 18. Bxc4 bxc4 19. Rhf1 Bf8 20. Rxf5 Rxf5 21.
Qxf5 Bd7 22. Rf1 Bxe6 23. Qxe6+ Kh8 24. Qxc4 Qb6 25. g4 Ba3 26. Na4 Qb7 27. g5
hxg5 28. Rf3 g4 29. Rxa3 c5 30. d5 Re8 31. Re3 Rd8 32. Nc3 Rb8 33. Nd1 Rd8 34.
Rd3 Qf7 35. e6 Qf1 36. Qxg4 Kg8 1-0

[Event "Madrid ch 2021-2022 - Previa A"]
[Site "Madrid ESP"]
[Date "2022.03.21"]
[Round "7.12"]
[White "Bolea Olivan, Jose Angel"]
[Black "Ramos Antona, Enrique"]
[Result "1/2-1/2"]
[WhiteElo "1810"]
[BlackElo "1512"]
[PlyCount "57"]
[EventDate "2022.03.07"]
[EventType "swiss"]
[EventRounds "9"]
[EventCountry "ESP"]
[SourceTitle "Ajedrez en Madrid"]
[Source "lmi"]
[SourceDate "2022.03.07"]
[SourceVersion "1"]
[SourceVersionDate "2022.04.04"]
[SourceQuality "1"]

1. d4 Nf6 2. c4 e6 3. Nf3 b6 4. g3 Ba6 5. b3 Bb4+ 6. Bd2 Be7 7. Bg2 c6 8. O-O
d5 9. Ne5 Nfd7 10. Qc2 Nxe5 11. dxe5 Nd7 12. Bf4 Rc8 13. Nd2 g5 14. Be3 Nxe5
15. Rad1 Qc7 16. Bd4 O-O 17. f4 gxf4 18. gxf4 Ng6 19. f5 Nf4 20. e3 Nxg2 21.
Kxg2 e5 22. Bb2 Bf6 23. Rf3 Kh8 24. Rg1 Rg8+ 25. Kh1 Rxg1+ 26. Kxg1 Rg8+ 27.
Kh1 Qd8 28. Rh3 e4 29. Rh6 1/2-1/2

[Event "Madrid ch 2021-2022 - Previa A"]
[Site "Madrid ESP"]
[Date "2022.03.21"]
[Round "7.13"]
[White "Martin Sanchez, Pablo"]
[Black "Moya Barba, Diego"]
[Result "0-1"]
[WhiteElo "1766"]
[BlackElo "1482"]
[PlyCount "92"]
[EventDate "2022.03.07"]
[EventType "swiss"]
[EventRounds "9"]
[EventCountry "ESP"]
[SourceTitle "Ajedrez en Madrid"]
[Source "lmi"]
[SourceDate "2022.03.07"]
[SourceVersion "1"]
[SourceVersionDate "2022.04.04"]
[SourceQuality "1"]

1. e4 c5 2. Nc3 Nc6 3. f4 e6 4. Nf3 d5 5. e5 Nge7 6. Be2 Ng6 7. d3 Be7 8. O-O
O-O 9. Qe1 f6 10. exf6 Bxf6 11. Bd1 a6 12. Ne2 b5 13. Ng3 Be7 14. Ne2 Bd6 15.
g3 d4 16. Ng5 e5 17. Ne4 Bh3 18. Rf2 h6 19. fxe5 Ncxe5 20. Nf4 Nxf4 21. Bxf4
Re8 22. Bf3 Nxf3+ 23. Rxf3 Bf5 24. Qe2 Bg4 25. Bxd6 Qxd6 26. Raf1 Bxf3 27. Rxf3
Ra7 28. Qf2 Qe7 29. b4 cxb4 30. Qxd4 Rc7 31. Rf2 Qe5 32. Qxb4 Qa1+ 33. Kg2 Qxa2
34. c3 Qd5 35. Rf3 Rf7 36. Rxf7 Qxf7 37. Qd6 Qa2+ 38. Nf2 Rf8 39. Qd4 a5 40. c4
b4 41. Qd5+ Kh8 42. Qc5 Qxf2+ 43. Qxf2 Rxf2+ 44. Kxf2 b3 45. c5 b2 46. c6 b1=Q
0-1

[Event "Madrid ch 2021-2022 - Previa A"]
[Site "Madrid ESP"]
[Date "2022.03.21"]
[Round "7.14"]
[White "Garcia Gonzalez, Pedro A."]
[Black "Villodre Miranda, Juan Alonso"]
[Result "1-0"]
[WhiteElo "1710"]
[BlackElo "1563"]
[PlyCount "80"]
[EventDate "2022.03.07"]
[EventType "swiss"]
[EventRounds "9"]
[EventCountry "ESP"]
[SourceTitle "Ajedrez en Madrid"]
[Source "lmi"]
[SourceDate "2022.03.07"]
[SourceVersion "1"]
[SourceVersionDate "2022.04.04"]
[SourceQuality "1"]

1. d4 d5 2. Nf3 c6 3. e3 g6 4. c4 e6 5. b3 Bg7 6. Bb2 Ne7 7. Bd3 Nd7 8. Nbd2 b6
9. O-O O-O 10. Rc1 Bb7 11. Qe2 c5 12. cxd5 Nxd5 13. a3 Rc8 14. Ne4 N7f6 15.
dxc5 Nxe4 16. Bxe4 Rxc5 17. Rxc5 bxc5 18. Bxg7 Kxg7 19. Qc2 Qb6 20. Ne5 Rd8 21.
Nc4 Qc7 22. Rc1 Rc8 23. Qb2+ f6 24. Bf3 Ba6 25. Nd2 Nb6 26. Ne4 Nd7 27. b4 c4
28. Be2 Qe5 29. Qxe5 Nxe5 30. Nc5 Rc6 31. f4 Nd3 32. Nxd3 cxd3 33. Rxc6 dxe2
34. Kf2 Bb5 35. Rc7+ Kh6 36. Rxa7 e5 37. a4 Bd3 38. b5 exf4 39. exf4 g5 40.
fxg5+ fxg5 1-0

[Event "Madrid ch 2021-2022 - Previa A"]
[Site "Madrid ESP"]
[Date "2022.03.21"]
[Round "7.15"]
[White "Martin-Buitrago Lopez, Antonio"]
[Black "Rubio Rivera, Felix"]
[Result "1-0"]
[WhiteElo "1669"]
[BlackElo "1460"]
[PlyCount "75"]
[EventDate "2022.03.07"]
[EventType "swiss"]
[EventRounds "9"]
[EventCountry "ESP"]
[SourceTitle "Ajedrez en Madrid"]
[Source "lmi"]
[SourceDate "2022.03.07"]
[SourceVersion "1"]
[SourceVersionDate "2022.04.04"]
[SourceQuality "1"]

1. e4 e5 2. Nf3 Nc6 3. Bb5 a6 4. Bxc6 dxc6 5. O-O Nf6 6. Nxe5 Bc5 7. d3 O-O 8.
Nf3 Bg4 9. Bg5 h6 10. Be3 Qe7 11. Nbd2 Rad8 12. Qe1 Rfe8 13. Bxc5 Qxc5 14. Rc1
Qh5 15. Qe3 b6 16. Qf4 Re7 17. Rfe1 Bxf3 18. Nxf3 Qc5 19. h3 Qb4 20. b3 Nd5 21.
Qd2 Qxd2 22. Nxd2 Nc3 23. a4 Na2 24. Ra1 Nb4 25. Rec1 Re5 26. Nc4 Rc5 27. Kf1
b5 28. axb5 cxb5 29. Ne3 Rd6 30. Ke2 Rdc6 31. Kd2 Rb6 32. Nf5 Kf8 33. d4 Rxf5
34. exf5 Nd5 35. g4 b4 36. Ra5 Nc3 37. Rca1 Rc6 38. Rxa6 1-0

[Event "Madrid ch 2021-2022 - Previa A"]
[Site "Madrid ESP"]
[Date "2022.03.21"]
[Round "7.17"]
[White "Mora Agudo, Jose Alberto"]
[Black "Martinez Miura, Enrique"]
[Result "1-0"]
[WhiteElo "1604"]
[BlackElo "1601"]
[PlyCount "52"]
[EventDate "2022.03.07"]
[EventType "swiss"]
[EventRounds "9"]
[EventCountry "ESP"]
[SourceTitle "Ajedrez en Madrid"]
[Source "lmi"]
[SourceDate "2022.03.07"]
[SourceVersion "1"]
[SourceVersionDate "2022.04.04"]
[SourceQuality "1"]

1. d4 d5 2. c4 e6 3. Nf3 Nf6 4. Bg5 Be7 5. Nbd2 O-O 6. g3 Nc6 7. Bg2 b6 8. O-O
Bb7 9. cxd5 Nxd5 10. Bxe7 Ndxe7 11. e3 Rb8 12. Nc4 b5 13. Nce5 Nxe5 14. Nxe5
Bxg2 15. Kxg2 Qd5+ 16. Qf3 Qxf3+ 17. Kxf3 Rfd8 18. Rac1 Rb7 19. Rc5 f6 20. Nc6
Nxc6 21. Rxc6 Kf7 22. Rfc1 Rd7 23. b4 Ke7 24. Ke4 Kd8 25. Rxe6 Rb6 26. Rcc6 Rd5
1-0

[Event "Madrid ch 2021-2022 - Previa A"]
[Site "Madrid ESP"]
[Date "2022.03.21"]
[Round "7.18"]
[White "Aquilino Rodriguez, Virgilio"]
[Black "Blazquez Sanz, Oscar"]
[Result "0-1"]
[WhiteElo "1541"]
[BlackElo "1464"]
[PlyCount "106"]
[EventDate "2022.03.07"]
[EventType "swiss"]
[EventRounds "9"]
[EventCountry "ESP"]
[SourceTitle "Ajedrez en Madrid"]
[Source "lmi"]
[SourceDate "2022.03.07"]
[SourceVersion "1"]
[SourceVersionDate "2022.04.04"]
[SourceQuality "1"]

1. e4 e6 2. d4 d5 3. exd5 exd5 4. Bf4 Bd6 5. Qd2 Ne7 6. Nf3 O-O 7. Bd3 Bf5 8.
Bg5 f6 9. Be3 c6 10. c4 Bxd3 11. Qxd3 dxc4 12. Qxc4+ Kh8 13. O-O Nd7 14. Nc3
Nb6 15. Qb3 Qd7 16. Ne4 Rfe8 17. Nc5 Bxc5 18. dxc5 Nbd5 19. Rad1 Rad8 20. h3
Qc8 21. Bc1 Ng6 22. Nd2 Ne5 23. Ne4 Nf7 24. Nc3 Nxc3 25. Qxc3 Ne5 26. b4 Qe6
27. a3 Qc4 28. Qxc4 Nxc4 29. Rxd8 Rxd8 30. Re1 Kg8 31. Kf1 Kf7 32. f3 Rd3 33.
Ke2 Rb3 34. Rd1 Ke6 35. Rd3 Rxd3 36. Kxd3 Kd5 37. f4 f5 38. g4 fxg4 39. hxg4 h6
40. Ke2 Ke4 41. f5 Ne5 42. g5 hxg5 43. Bxg5 Kxf5 44. Bd8 Ke4 45. a4 a6 46. Kf2
Nd3+ 47. Kg3 Nxb4 48. Kg4 Nd3 49. Bb6 Kd5 50. Kg5 Nxc5 51. a5 Ne6+ 52. Kg6 c5
53. Kf7 g5 0-1

[Event "Madrid ch 2021-2022 - Previa A"]
[Site "Madrid ESP"]
[Date "2022.03.21"]
[Round "7.19"]
[White "Sanchez Liso, Juan A"]
[Black "Ortega Molina, Tomas"]
[Result "0-1"]
[WhiteElo "1418"]
[BlackElo "1627"]
[PlyCount "89"]
[EventDate "2022.03.07"]
[EventType "swiss"]
[EventRounds "9"]
[EventCountry "ESP"]
[SourceTitle "Ajedrez en Madrid"]
[Source "lmi"]
[SourceDate "2022.03.07"]
[SourceVersion "1"]
[SourceVersionDate "2022.04.04"]
[SourceQuality "1"]

1. e4 c5 2. d4 cxd4 3. c3 dxc3 4. Nxc3 Nc6 5. Nf3 d6 6. Bc4 e6 7. O-O Be7 8.
Qe2 a6 9. Rd1 Qc7 10. Bf4 b5 11. Bb3 h6 12. Rac1 Bb7 13. Nd5 Qd8 14. Nxe7 Qxe7
15. Bxd6 Qf6 16. e5 Qg6 17. Bc2 Qh5 18. Qe3 Nge7 19. Qb6 Nd8 20. Bxe7 Kxe7 21.
Qc7+ Ke8 22. Rxd8+ Rxd8 23. Qxb7 g5 24. Qxa6 g4 25. Qxb5+ Kf8 26. Qb4+ Kg7 27.
Ne1 Qg5 28. Rb1 Rd2 29. Qe4 Rhd8 30. Qh7+ Kf8 31. Qh8+ Ke7 32. Qf6+ Qxf6 33.
exf6+ Kxf6 34. b4 Ke5 35. b5 Kd4 36. f3 h5 37. b6 Ke3 38. Rb3+ Ke2 39. Rb1 f5
40. b7 Rb8 41. Bb3 e5 42. Bc4+ Ke3 43. a4 Rd7 44. Nc2+ Kd2 45. Na3 0-1

[Event "Madrid ch 2021-2022 - Previa A"]
[Site "Madrid ESP"]
[Date "2022.03.21"]
[Round "7.21"]
[White "Fuentenebro Cediel, Alberto"]
[Black "Maseda Iglesias, Luis"]
[Result "1-0"]
[WhiteElo "1328"]
[BlackElo "1735"]
[PlyCount "51"]
[EventDate "2022.03.07"]
[EventType "swiss"]
[EventRounds "9"]
[EventCountry "ESP"]
[SourceTitle "Ajedrez en Madrid"]
[Source "lmi"]
[SourceDate "2022.03.07"]
[SourceVersion "1"]
[SourceVersionDate "2022.04.04"]
[SourceQuality "1"]

1. e4 d6 2. d4 Nf6 3. Nc3 Nbd7 4. Nf3 e5 5. dxe5 dxe5 6. Bc4 Be7 7. O-O O-O 8.
Bg5 c6 9. Qe2 Qc7 10. Rad1 h6 11. Bh4 g5 12. Bg3 Nh5 13. Bb3 Nxg3 14. hxg3 Nc5
15. Nd2 Nxb3 16. axb3 b5 17. Qh5 Kh7 18. Ne2 Be6 19. f4 Bc5+ 20. Kh1 f6 21. Nf3
Bf7 22. Qh2 Kg7 23. Qh3 Rad8 24. fxe5 Rxd1 25. exf6+ Kg6 26. Qf5+ 1-0

[Event "Madrid ch 2021-2022 - Previa A"]
[Site "Madrid ESP"]
[Date "2022.03.21"]
[Round "7.22"]
[White "Gomez Ramirez, Jorge"]
[Black "Jolani, Parnian"]
[Result "0-1"]
[WhiteElo "1251"]
[BlackElo "1553"]
[PlyCount "68"]
[EventDate "2022.03.07"]
[EventType "swiss"]
[EventRounds "9"]
[EventCountry "ESP"]
[SourceTitle "Ajedrez en Madrid"]
[Source "lmi"]
[SourceDate "2022.03.07"]
[SourceVersion "1"]
[SourceVersionDate "2022.04.04"]
[SourceQuality "1"]

1. d4 Nf6 2. c4 e6 3. Nc3 d5 4. cxd5 exd5 5. Bg5 Be7 6. e3 c6 7. Bd3 Bg4 8. Qc2
Nbd7 9. Nge2 Rc8 10. O-O Nf8 11. f3 Bh5 12. e4 dxe4 13. fxe4 Ne6 14. Bxf6 Bxf6
15. e5 Nxd4 16. Nxd4 Qxd4+ 17. Kh1 Bxe5 18. Rae1 Bg6 19. Qe2 f6 20. Bxg6+ hxg6
21. h3 Qh4 22. Qd3 Qh5 23. Qc4 Rc7 24. Nb5 Re7 25. Nxa7 g5 26. Rf5 Qg6 27. g4
Rxh3+ 28. Kg2 Rg3+ 29. Kf2 Qh7 30. Rf3 Qh2+ 31. Ke3 Rxf3+ 32. Kxf3 Qg3+ 33. Ke2
Bf4+ 34. Kd1 Rxe1+ 0-1

[Event "Madrid ch 2021-2022 - Previa A"]
[Site "Madrid ESP"]
[Date "2022.03.22"]
[Round "8.1"]
[White "Armenteros Peral, Javier"]
[Black "Marcos Herrero, Francisco"]
[Result "1-0"]
[WhiteElo "1992"]
[BlackElo "1897"]
[PlyCount "99"]
[EventDate "2022.03.07"]
[EventType "swiss"]
[EventRounds "9"]
[EventCountry "ESP"]
[SourceTitle "Ajedrez en Madrid"]
[Source "lmi"]
[SourceDate "2022.03.07"]
[SourceVersion "1"]
[SourceVersionDate "2022.04.04"]
[SourceQuality "1"]

1. e4 c5 2. Nf3 Nc6 3. d4 cxd4 4. Nxd4 g6 5. Nc3 Bg7 6. Nde2 Nf6 7. g3 O-O 8.
Bg2 d6 9. h3 Be6 10. O-O Rb8 11. a4 a6 12. Nd5 Bxd5 13. exd5 Ne5 14. Be3 Nc4
15. Bd4 Qc7 16. b3 Nb6 17. c4 Nbd7 18. a5 Nh5 19. Re1 e5 20. dxe6 fxe6 21. Bxg7
Nxg7 22. Nd4 Rfe8 23. Qg4 e5 24. Nc2 Nc5 25. b4 Nd7 26. Ne3 Nf6 27. Qh4 Rf8 28.
Rad1 b5 29. Rc1 bxc4 30. Rxc4 Qf7 31. Rec1 Nge8 32. R1c2 d5 33. Rc5 d4 34. Nd5
Kh8 35. Nxf6 Qxf6 36. Qxf6+ Nxf6 37. Rxe5 Rxb4 38. Re6 d3 39. Rd2 Rd4 40. Rxa6
Nd5 41. Rd6 Nc3 42. Rxd4 Ne2+ 43. Kf1 Nxd4 44. Rxd3 Nc2 45. Rc3 Nd4 46. a6 Rb8
47. Bb7 Nb5 48. Rc5 Na7 49. Rc7 Rd8 50. Bf3 1-0

[Event "Madrid ch 2021-2022 - Previa A"]
[Site "Madrid ESP"]
[Date "2022.03.22"]
[Round "8.2"]
[White "Lopez de Turiso, Jose Angel"]
[Black "Moreno Torrero, Javier"]
[Result "1/2-1/2"]
[WhiteElo "1935"]
[BlackElo "1952"]
[PlyCount "29"]
[EventDate "2022.03.07"]
[EventType "swiss"]
[EventRounds "9"]
[EventCountry "ESP"]
[SourceTitle "Ajedrez en Madrid"]
[Source "lmi"]
[SourceDate "2022.03.07"]
[SourceVersion "1"]
[SourceVersionDate "2022.04.04"]
[SourceQuality "1"]

1. Nf3 Nf6 2. c4 g6 3. Nc3 Bg7 4. d4 d5 5. Bg5 c6 6. e3 O-O 7. Bd3 Bg4 8. h3
Bxf3 9. Qxf3 e6 10. O-O Nbd7 11. cxd5 exd5 12. Rac1 Qb6 13. b3 Rfe8 14. Rfd1
Re6 15. Bf4 1/2-1/2

[Event "Madrid ch 2021-2022 - Previa A"]
[Site "Madrid ESP"]
[Date "2022.03.22"]
[Round "8.3"]
[White "Alvarez Abejon, Amilcar"]
[Black "De Dompablo Fantova, Juan"]
[Result "1-0"]
[WhiteElo "1970"]
[BlackElo "1670"]
[PlyCount "43"]
[EventDate "2022.03.07"]
[EventType "swiss"]
[EventRounds "9"]
[EventCountry "ESP"]
[SourceTitle "Ajedrez en Madrid"]
[Source "lmi"]
[SourceDate "2022.03.07"]
[SourceVersion "1"]
[SourceVersionDate "2022.04.04"]
[SourceQuality "1"]

1. e4 e5 2. Nf3 Nc6 3. Bb5 Nf6 4. O-O Bc5 5. Nxe5 Nxe4 6. Qe2 Nxe5 7. Qxe4 Qe7
8. d4 Nc6 9. Qg4 h5 10. Qg3 Bxd4 11. Nc3 h4 12. Qd3 Bb6 13. Bf4 Qc5 14. Rae1+
Kf8 15. Ne4 Qd4 16. Nd6 Ne7 17. Rxe7 cxd6 18. Bxd6 Qxd3 19. Bxd3 g6 20. Rfe1
Rh5 21. Bc4 Rf5 22. Rxf7+ 1-0

[Event "Madrid ch 2021-2022 - Previa A"]
[Site "Madrid ESP"]
[Date "2022.03.22"]
[Round "8.4"]
[White "Gueler Berdasco, Martin"]
[Black "Palomo Monserrat, Lorenzo"]
[Result "1-0"]
[WhiteElo "1957"]
[BlackElo "1645"]
[PlyCount "73"]
[EventDate "2022.03.07"]
[EventType "swiss"]
[EventRounds "9"]
[EventCountry "ESP"]
[SourceTitle "Ajedrez en Madrid"]
[Source "lmi"]
[SourceDate "2022.03.07"]
[SourceVersion "1"]
[SourceVersionDate "2022.04.04"]
[SourceQuality "1"]

1. c4 e5 2. g3 Nc6 3. Bg2 f5 4. Nc3 g6 5. a3 Bg7 6. b4 Nf6 7. Bb2 d6 8. b5 Ne7
9. e3 c6 10. Nge2 Be6 11. d3 O-O 12. Rb1 d5 13. bxc6 bxc6 14. cxd5 cxd5 15. d4
e4 16. Nf4 Bc8 17. h4 Qd6 18. Bf1 Ba6 19. Bxa6 Qxa6 20. Qa4 Qc8 21. O-O h6 22.
Rfc1 Qc4 23. Nfxd5 Qxa4 24. Nxe7+ Kf7 25. Nxa4 Kxe7 26. Rc7+ Nd7 27. Nc5 Rfd8
28. Bc3 Rac8 29. Rxc8 Rxc8 30. Rb7 Rd8 31. Rxa7 Ke8 32. Ba5 Nxc5 33. Bxd8 Ne6
34. Re7+ Kxd8 35. Rxe6 g5 36. hxg5 hxg5 37. Rg6 1-0

[Event "Madrid ch 2021-2022 - Previa A"]
[Site "Madrid ESP"]
[Date "2022.03.22"]
[Round "8.5"]
[White "De Fuenmayor Fernandez de la , Carlos Pablo"]
[Black "Hernandez Gutierrez, Jose"]
[Result "0-1"]
[WhiteElo "1432"]
[BlackElo "1732"]
[PlyCount "118"]
[EventDate "2022.03.07"]
[EventType "swiss"]
[EventRounds "9"]
[EventCountry "ESP"]
[SourceTitle "Ajedrez en Madrid"]
[Source "lmi"]
[SourceDate "2022.03.07"]
[SourceVersion "1"]
[SourceVersionDate "2022.04.04"]
[SourceQuality "1"]

1. e4 c6 2. d4 d5 3. exd5 cxd5 4. Bd3 Nc6 5. c3 Qc7 6. h3 Nf6 7. Nf3 g6 8. O-O
Bf5 9. Bb5 a6 10. Qa4 Rc8 11. Bxc6+ Qxc6 12. Qxc6+ bxc6 13. Nbd2 c5 14. Re1 c4
15. Nf1 Ne4 16. Bf4 g5 17. Nxg5 Nxg5 18. Bxg5 Rg8 19. h4 Rb8 20. Ne3 Be6 21.
Re2 h6 22. Bf4 Rb5 23. Rae1 Bg4 24. Nxg4 Rxg4 25. Bd6 Rb7 26. g3 e6 27. Be5 Be7
28. Kh2 h5 29. Rb1 Kd7 30. f3 Rg8 31. Kh3 f5 32. Rg2 Bd6 33. Bxd6 Kxd6 34. g4
hxg4+ 35. fxg4 fxg4+ 36. Rxg4 Rxg4 37. Kxg4 e5 38. dxe5+ Kxe5 39. b4 d4 40.
Re1+ Kd5 41. Rd1 d3 42. h5 Rg7+ 43. Kf5 Rg2 44. h6 Rf2+ 45. Kg6 Rg2+ 46. Kf5
Rf2+ 47. Kg5 Rg2+ 48. Kf4 Rh2 49. Kg5 Ke4 50. Re1+ Kf3 51. Re7 d2 52. Rd7 Ke2
53. Rxd2+ Kxd2 54. a4 Kxc3 55. b5 axb5 56. axb5 Rb2 57. h7 Rxb5+ 58. Kf4 Rh5
59. Ke4 Rxh7 0-1

[Event "Madrid ch 2021-2022 - Previa A"]
[Site "Madrid ESP"]
[Date "2022.03.22"]
[Round "8.6"]
[White "Rodriguez Garcia, Jose Maria"]
[Black "Guardiola Sevilla, Antonio"]
[Result "1/2-1/2"]
[WhiteElo "1963"]
[BlackElo "1733"]
[PlyCount "52"]
[EventDate "2022.03.07"]
[EventType "swiss"]
[EventRounds "9"]
[EventCountry "ESP"]
[SourceTitle "Ajedrez en Madrid"]
[Source "lmi"]
[SourceDate "2022.03.07"]
[SourceVersion "1"]
[SourceVersionDate "2022.04.04"]
[SourceQuality "1"]

1. d4 d5 2. e3 Nf6 3. Bd3 c5 4. c3 Nc6 5. f4 e6 6. Nf3 Be7 7. O-O O-O 8. Nbd2
b6 9. Ne5 Bb7 10. Qf3 g6 11. g4 cxd4 12. exd4 Ne4 13. Nxe4 dxe4 14. Nxc6 exf3
15. Nxd8 Raxd8 16. Bd2 h5 17. g5 f5 18. Rae1 Kf7 19. Bc4 Rd6 20. Re5 Be4 21. b3
Bd8 22. Bc1 Rc6 23. d5 exd5 24. Bxd5+ Bxd5 25. Rxd5 Rxc3 26. Rfd1 Be7 1/2-1/2

[Event "Madrid ch 2021-2022 - Previa A"]
[Site "Madrid ESP"]
[Date "2022.03.22"]
[Round "8.7"]
[White "Esteban Amo, Jose M."]
[Black "Balsera Gomez, Antonio"]
[Result "1-0"]
[WhiteElo "1874"]
[BlackElo "1415"]
[PlyCount "167"]
[EventDate "2022.03.07"]
[EventType "swiss"]
[EventRounds "9"]
[EventCountry "ESP"]
[SourceTitle "Ajedrez en Madrid"]
[Source "lmi"]
[SourceDate "2022.03.07"]
[SourceVersion "1"]
[SourceVersionDate "2022.04.04"]
[SourceQuality "1"]

1. d4 Nf6 2. Nf3 e6 3. Bg5 h6 4. Bh4 Be7 5. Nbd2 d5 6. e3 O-O 7. Bd3 Nbd7 8.
O-O b6 9. Qe2 Bb7 10. a4 c5 11. c3 Ne4 12. Bxe7 Qxe7 13. a5 Nxd2 14. Nxd2 c4
15. Bc2 e5 16. Rfe1 e4 17. f3 f5 18. a6 Bc6 19. fxe4 fxe4 20. Nxe4 Rae8 21. Ng3
Qg5 22. e4 dxe4 23. Bxe4 b5 24. Qc2 Bxe4 25. Rxe4 Nf6 26. Rxe8 Rxe8 27. Rf1 Ng4
28. Nf5 Ne3 29. Nxe3 Qxe3+ 30. Qf2 Qxf2+ 31. Kxf2 Re6 32. Re1 Rxa6 33. Re5 Rb6
34. Ke3 Kf7 35. d5 b4 36. Kd4 bxc3 37. bxc3 Kf6 38. Re2 a5 39. Kxc4 a4 40. Kc5
Rb3 41. Kc4 Rb8 42. Ra2 Ke5 43. Rxa4 Rc8+ 44. Kd3 Kxd5 45. Ra7 Rg8 46. c4+ Kc5
47. Kc3 g5 48. Ra5+ Kb6 49. Kb4 Rf8 50. Re5 Rf6 51. g3 Kc6 52. Ra5 Kb6 53. c5+
Kb7 54. Ra2 Re6 55. Kb5 Re1 56. Rf2 Rb1+ 57. Kc4 Rc1+ 58. Kd5 Rd1+ 59. Ke4 Kc6
60. Rf6+ Kxc5 61. Rxh6 Rf1 62. Rh5 Kd6 63. Rxg5 Ke6 64. h4 Kf6 65. Ra5 Kg6 66.
g4 Rf2 67. Ra6+ Kg7 68. h5 Rb2 69. Kf4 Rb4+ 70. Kg5 Rb5+ 71. Kh4 Rb4 72. Ra5
Kh6 73. Rf5 Kg7 74. Kg5 Rb6 75. Ra5 Kh7 76. Ra7+ Kg8 77. h6 Rb5+ 78. Kg6 Rb6+
79. Kh5 Rb5+ 80. g5 Rc5 81. Ra6 Kh7 82. Ra7+ Kh8 83. Rf7 Rc1 84. Rf8+ 1-0